6 intrus en 30 secondes #14 - Statistiques

Statistiques générales
  • Ce quiz a été pris 110 fois
  • Le résultat moyen est 2 sur 6
Answers on the Grid
Answers color-coded by a green-red scale on the quiz's grid according to % correct below.
JᴇTᴘUɴK
JᴇTᴘUɴK
JᴇTᴘUɴK
JᴇTᴘUɴK
JᴇTᴘUɴK
JᴇTᴘUɴK
JᴇTᴘUɴK
JᴇTᴘUɴK
JᴇTᴘUɴK
JᴇTᴘUɴK
JᴇTᴘUɴK
JᴇTᴘUɴK
JᴇTᴘUɴK
JᴇTᴘUɴK
JᴇTᴘUɴK
JᴇTᴘUɴK
JᴇTᴘUɴK
JᴇTᴘUɴK
JᴇTᴘUɴK
JᴇTᴘUɴK
JᴇTᴘUɴK
JᴇTᴘUɴK
JᴇTᴘUɴK
JᴇTᴘUɴK
JᴇTᴘUɴK
JᴇTᴘUɴK
JᴇTᴘUɴK
JᴇTᴘUɴK
JᴇTᴘUɴK
JᴇTᴘUɴK
JᴇTᴘUɴK
JᴇTᴘUɴK
JᴇTᴘUɴK
JᴇTᴘUɴK
JᴇTᴘUɴK
JᴇTᴘUɴK
JᴇTᴘUɴK
JᴇTᴘUɴK
JᴇTᴘUɴK
JᴇTᴘUɴK
JᴇTᴘUɴK
JᴇTᴘUɴK
JᴇTᴘUɴK
JᴇTᴘUɴK
JᴇTᴘUɴK
JᴇTᴘUɴK
JᴇTᴘUɴK
JᴇTᴘUɴK
JᴇTᴘUɴK
JᴇTᴘUɴK
JᴇTᴘUɴK
JᴇTᴘUɴK
JᴇTᴘUɴK
JᴇTᴘUɴK
JᴇTᴘUɴK
JᴇTᴘUɴK
JᴇTᴘUɴK
JᴇTᴘUɴK
JᴇTᴘUɴK
JᴇTᴘUɴK
JᴇTᴘUɴK
JᴇTᴘUɴK
JᴇTᴘUɴK
JᴇTᴘUɴK
JᴇTᴘUɴK
JᴇTᴘUɴK
JᴇTᴘUɴK
JᴇTᴘUɴK
JᴇTᴘUɴK
JᴇTᴘUɴK
JᴇTᴘUɴK
JᴇTᴘUɴK
JᴇTᴘUɴK
JᴇTᴘUɴK
JᴇTᴘUɴK
JᴇTᴘUɴK
JᴇTᴘUɴK
JᴇTᴘUɴK
JᴇTᴘUɴK
JᴇTᴘUɴK
JᴇTᴘUɴK
JᴇTᴘUɴK
JᴇTᴘUɴK
JᴇTᴘUɴK
JᴇTᴘUɴK
JᴇTᴘUɴK
JᴇTᴘUɴK
JᴇTᴘUɴK
JᴇTᴘUɴK
JᴇTᴘUɴK
JᴇTᴘUɴK
JᴇTᴘUɴK
JᴇTᴘUɴK
JᴇTᴘUɴK
JᴇTᴘUɴK
JᴇTᴘUɴK
JᴇTᴘUɴK
JᴇTᴘUɴK
JᴇTᴘUɴK
JᴇTᴘUɴK
JᴇTᴘUɴK
JᴇTᴘUɴK
JᴇTᴘUɴK
JᴇTᴘUɴK
JᴇTᴘUɴK
JᴇTᴘUɴK
JᴇTᴘUɴK
JᴇTᴘUɴK
JᴇTᴘUɴK
JᴇTᴘUɴK
JᴇTᴘUɴK
JᴇTᴘUɴK
JᴇTᴘUɴK
JᴇTᴘUɴK
JᴇTᴘUɴK
JᴇTᴘUɴK
JᴇTᴘUɴK
JᴇTᴘUɴK
JᴇTᴘUɴK
JᴇTᴘUɴK
JᴇTᴘUɴK
JᴇTᴘUɴK
JᴇTᴘUɴK
JᴇTᴘUɴK
JᴇTᴘUɴK
JᴇTᴘUɴK
JᴇTᴘUɴK
JᴇTᴘUɴK
JᴇTᴘUɴK
JᴇTᴘUɴK
JᴇTᴘUɴK
JᴇTᴘUɴK
JᴇTᴘUɴK
JᴇTᴘUɴK
JᴇTᴘUɴK
JᴇTᴘUɴK
JᴇTᴘUɴK
JᴇTᴘUɴK
JᴇTᴘUɴK
JᴇTᴘUɴK
JᴇTᴘUɴK
JᴇTᴘUɴK
JᴇTᴘUɴK
JᴇTᴘUɴK
JᴇTᴘUɴK
JᴇTᴘUɴK
JᴇTᴘUɴK
JᴇTᴘUɴK
JᴇTᴘUɴK
JᴇTᴘUɴK
JᴇTᴘUɴK
JᴇTᴘUɴK
JᴇTᴘUɴK
JᴇTᴘUɴK
JᴇTᴘUɴK
JᴇTᴘUɴK
JᴇTᴘUɴK
JᴇTᴘUɴK
JᴇTᴘUɴK
JᴇTᴘUɴK
JᴇTᴘUɴK
JᴇTᴘUɴK
JᴇTᴘUɴK
JᴇTᴘUɴK
JᴇTᴘUɴK
JᴇTᴘUɴK
JᴇTᴘUɴK
JᴇTᴘUɴK
JᴇTᴘUɴK
JᴇTᴘUɴK
JᴇTᴘUɴK
JᴇTᴘUɴK
JᴇTᴘUɴK
JᴇTᴘUɴK
JᴇTᴘUɴK
JᴇTᴘUɴK
JᴇTᴘUɴK
JᴇTᴘUɴK
JᴇTᴘUɴK
JᴇTᴘUɴK
JᴇTᴘUɴK
JᴇTᴘUɴK
JᴇTᴘUɴK
JᴇTᴘUɴK
JᴇTᴘUɴK
JᴇTᴘUɴK
JᴇTᴘUɴK
JᴇTᴘUɴK
JᴇTᴘUɴK
JᴇTᴘUɴK
JᴇTᴘUɴK
JᴇTᴘUɴK
JᴇTᴘUɴK
JᴇTᴘUɴK
ᴊEᴛPᴜNᴋ
ᴊEᴛPᴜNᴋ
ᴊEᴛPᴜNᴋ
ᴊEᴛPᴜNᴋ
ᴊEᴛPᴜNᴋ
ᴊEᴛPᴜNᴋ
 
Statistiques - réponses
Réponse % Correct
ᴊEᴛPᴜNᴋ
47%
ᴊEᴛPᴜNᴋ
47%
ᴊEᴛPᴜNᴋ
42%
ᴊEᴛPᴜNᴋ
37%
ᴊEᴛPᴜNᴋ
37%
ᴊEᴛPᴜNᴋ
33%
Aucun quiz correspondant
Distribution des résultats
% des personnes avec chaque résultat
Percentile par nombre de réponses
Votre historique - résultats
Vous n’avez pas pris ce quiz